<?xml version="1.0" encoding="UTF-8"?>
<record
    xmlns:xsi="http://www.w3.org/2001/XMLSchema-instance"
    xsi:schemaLocation="http://www.loc.gov/MARC21/slim http://www.loc.gov/standards/marcxml/schema/MARC21slim.xsd"
    xmlns="http://www.loc.gov/MARC21/slim">

  <leader>02401    a2200181   4500</leader>
  <controlfield tag="001">59309</controlfield>
  <controlfield tag="005">20260407155847.0</controlfield>
  <controlfield tag="008">260407a1973    arg                 spa d</controlfield>
  <controlfield tag="003">AR-UNSa-BCEJYS</controlfield>
  <datafield tag="040" ind1=" " ind2=" ">
    <subfield code="a">AR-UNSa-BCEJYS</subfield>
    <subfield code="b">spa</subfield>
    <subfield code="c">AR-UNSa-BCEJYS</subfield>
  </datafield>
  <datafield tag="080" ind1=" " ind2=" ">
    <subfield code="a">330.34(7/8)</subfield>
    <subfield code="x">Desarrollo Econ&#xF3;mico de Am&#xE9;rica Latina</subfield>
  </datafield>
  <datafield tag="245" ind1="1" ind2="0">
    <subfield code="a">El desarrollo integrado de Centroam&#xE9;rica en la presente d&#xE9;cada</subfield>
    <subfield code="p">Bases y propuestas para el perfeccionamiento y la restructuraci&#xF3;nn del mercado com&#xFA;n Centroamericano</subfield>
  </datafield>
  <datafield tag="264" ind1=" " ind2="1">
    <subfield code="a">Buenos Aires :</subfield>
    <subfield code="b">BID-INTAL</subfield>
    <subfield code="c">1973</subfield>
  </datafield>
  <datafield tag="520" ind1=" " ind2=" ">
    <subfield code="a">TOMO I: 
1. El desarrollo integrado en Centroam&#xE9;rica durante la d&#xE9;cada de 1960 &#x2013; 2. La interdependencia de las variables integraci&#xF3;n y desarrollo y las perspectivas del desarrollo integrado en Centroam&#xE9;rica &#x2013; 3. Una estrategia de desarrollo integrado para la pr&#xF3;xima d&#xE9;cada &#x2013; 4. Lineamientos de un plan de acci&#xF3;n - 
Tomo III: 
1. La constituci&#xF3;n del Mercado Com&#xFA;n Cetroamericano en la d&#xE9;cada de 1960. Arancel com&#xFA;n y r&#xE9;gimen de libre comercio - 2. Propuestas para perfeccionar la zona de libre comercio en la d&#xE9;cada de 1970. Arancel com&#xFA;n y la constituci&#xF3;n de la uni&#xF3;n aduanera perfecta

TOMO V: 
1. El desarrollo de la agricultura durante la d&#xE9;cada 1960-1971 - 2. Perspectivas del desarrollo agr&#xED;cola de los pa&#xED;ses Centroamericanos - 3. Estrategia para el desarrollo agr&#xED;cola de los pa&#xED;ses Centroamericanos 

TOMO VIII:
1. La integraci&#xF3;n monetaria durante los &#xFA;ltimos a&#xF1;os - 2. Perspectiva de la integraci&#xF3;n monetaria para la presente d&#xE9;cada y plan de acci&#xF3;n - 3. Lineamintos de una pol&#xED;tica comercial externa com&#xFA;n - 4. Bases para una  estrategia de desarrollo de las exportaciones no tradicionales de Centroam&#xE9;rica 

TOMO IX:
1. La movilizaci&#xF3;n de recursos externos y su servicio - 2. El banco Centroam&#xE9;ricano de integraci&#xF3;n econ&#xF3;mica - 3. La inversi&#xF3;n extranjera directa y la integraci&#xF3;n en Centroam&#xE9;rcica - 4. El financiamiento de las instituciones regionales - 5. Mercado de capitales en Centroam&#xE9;rica 

TOMO X:
1. Introducci&#xF3;n - 2. La evoluci&#xF3;n de las finanzas p&#xFA;blicas en la d&#xE9;cada de 1960 - 3. Lineamientos b&#xE1;sicos para un sistema tributario en Centroam&#xE9;rica - 4. El posible rol de mecanismo de compensaci&#xF3;n fiscal en Centroam&#xE9;rica </subfield>
  </datafield>
  <datafield tag="942" ind1=" " ind2=" ">
    <subfield code="c">BK</subfield>
  </datafield>
  <datafield tag="590" ind1=" " ind2=" ">
    <subfield code="a">niveau_biblio:m niveau_hierar:0</subfield>
  </datafield>
  <datafield tag="100" ind1="1" ind2=" ">
    <subfield code="a">Instituto para la Integraci&#xF3;n de Am&#xE9;rica Latina (INTAL)</subfield>
  </datafield>
  <datafield tag="999" ind1=" " ind2=" ">
    <subfield code="c">6644</subfield>
    <subfield code="d">6644</subfield>
  </datafield>
  <datafield tag="952" ind1=" " ind2=" ">
    <subfield code="0">0</subfield>
    <subfield code="1">0</subfield>
    <subfield code="4">0</subfield>
    <subfield code="7">0</subfield>
    <subfield code="a">BCEJYS</subfield>
    <subfield code="b">BCEJYS</subfield>
    <subfield code="c">16</subfield>
    <subfield code="d">2026-04-07</subfield>
    <subfield code="l">0</subfield>
    <subfield code="o">330.34(7/8) I59 v.3</subfield>
    <subfield code="p">L13789</subfield>
    <subfield code="r">2026-04-07 15:58:47</subfield>
    <subfield code="w">2026-04-07</subfield>
    <subfield code="y">L</subfield>
  </datafield>
  <datafield tag="952" ind1=" " ind2=" ">
    <subfield code="0">0</subfield>
    <subfield code="1">0</subfield>
    <subfield code="4">0</subfield>
    <subfield code="7">0</subfield>
    <subfield code="a">BCEJYS</subfield>
    <subfield code="b">BCEJYS</subfield>
    <subfield code="c">16</subfield>
    <subfield code="d">2026-04-07</subfield>
    <subfield code="l">0</subfield>
    <subfield code="o">330.34(7/8) I59 v.5</subfield>
    <subfield code="p">L13790</subfield>
    <subfield code="r">2026-04-07 15:58:47</subfield>
    <subfield code="w">2026-04-07</subfield>
    <subfield code="y">L</subfield>
  </datafield>
  <datafield tag="952" ind1=" " ind2=" ">
    <subfield code="0">0</subfield>
    <subfield code="1">0</subfield>
    <subfield code="4">0</subfield>
    <subfield code="7">0</subfield>
    <subfield code="a">BCEJYS</subfield>
    <subfield code="b">BCEJYS</subfield>
    <subfield code="c">16</subfield>
    <subfield code="d">2026-04-07</subfield>
    <subfield code="l">0</subfield>
    <subfield code="o">330.34(7/8) I59 v.8</subfield>
    <subfield code="p">L13791</subfield>
    <subfield code="r">2026-04-07 15:58:47</subfield>
    <subfield code="w">2026-04-07</subfield>
    <subfield code="y">L</subfield>
  </datafield>
  <datafield tag="952" ind1=" " ind2=" ">
    <subfield code="0">0</subfield>
    <subfield code="1">0</subfield>
    <subfield code="4">0</subfield>
    <subfield code="7">0</subfield>
    <subfield code="a">BCEJYS</subfield>
    <subfield code="b">BCEJYS</subfield>
    <subfield code="c">16</subfield>
    <subfield code="d">2026-04-07</subfield>
    <subfield code="l">0</subfield>
    <subfield code="o">330.34(7/8) I59 v.9</subfield>
    <subfield code="p">L13792</subfield>
    <subfield code="r">2026-04-07 15:58:47</subfield>
    <subfield code="w">2026-04-07</subfield>
    <subfield code="y">L</subfield>
  </datafield>
  <datafield tag="952" ind1=" " ind2=" ">
    <subfield code="0">0</subfield>
    <subfield code="1">0</subfield>
    <subfield code="4">0</subfield>
    <subfield code="7">0</subfield>
    <subfield code="a">BCEJYS</subfield>
    <subfield code="b">BCEJYS</subfield>
    <subfield code="c">16</subfield>
    <subfield code="d">2026-04-07</subfield>
    <subfield code="l">0</subfield>
    <subfield code="o">330.34(7/8) I59 v.10</subfield>
    <subfield code="p">L13793</subfield>
    <subfield code="r">2026-04-07 15:58:47</subfield>
    <subfield code="w">2026-04-07</subfield>
    <subfield code="y">L</subfield>
  </datafield>
  <datafield tag="952" ind1=" " ind2=" ">
    <subfield code="0">0</subfield>
    <subfield code="1">0</subfield>
    <subfield code="4">0</subfield>
    <subfield code="7">0</subfield>
    <subfield code="a">BCEJYS</subfield>
    <subfield code="b">BCEJYS</subfield>
    <subfield code="c">16</subfield>
    <subfield code="d">2026-04-07</subfield>
    <subfield code="l">0</subfield>
    <subfield code="o">330.34(7/8) I59 v.1</subfield>
    <subfield code="p">L13788</subfield>
    <subfield code="r">2026-04-07 15:58:47</subfield>
    <subfield code="w">2026-04-07</subfield>
    <subfield code="y">L</subfield>
  </datafield>
</record>
